[Event "Zaragoza Province-ch Preferente"]
[Site "Zaragoza"]
[Date "2015.10.18"]
[Round "4"]
[White "Cirera Sancho, Alberto"]
[Black "Lopez Guaita, Fernando"]
[Result "1/2-1/2"]
[WhiteElo "1817"]
[BlackElo "2020"]
[PlyCount "61"]
[EventDate "2015.09.27"]
[EventType "swiss"]
[EventRounds "6"]
[EventCountry "ESP"]
[SourceTitle "CBM 170 Extra"]
[Source "ChessBase"]
[SourceDate "2016.02.25"]
[SourceVersion "1"]
[SourceVersionDate "2016.02.25"]
[SourceQuality "1"]

1. e4 e5 2. Nf3 d6 3. Bc4 Be7 4. 0-0 Nf6 5. Nc3 0-0 6. d4 Nbd7 7. h3 c6 8. a4 Nxe4 9. Nxe4 d5 10. Nxe5 Nxe5 11. dxe5 dxc4 12. Qe2 b5 13. Nc3 b4 14. Ne4 a5 15. Rd1 Qc7 16. Bf4 Be6 17. Nd2 c3 18. bxc3 bxc3 19. Ne4 Bb4 20. Rd3 f6 21. Nd6 Bd5 22. Nb5 Qf7 23. Rxd5 cxd5 24. e6 Qe7 25. Rd1 Rad8 26. Nd4 Rd6 27. Bxd6 Qxd6 28. Nf5 Qe5 29. Qg4 g6 30. Nd4 Re8 31. Nf3 1/2-1/2

[Event "ESP-ch U12"]
[Site "Salobrena"]
[Date "2012.07.06"]
[Round "7.4"]
[White "Cirera Sancho, Alberto"]
[Black "Bayo Milagro, Alvaro"]
[Result "1-0"]
[WhiteElo "1629"]
[BlackElo "1856"]
[PlyCount "49"]
[EventDate "2012.07.02"]
[EventType "swiss"]
[EventRounds "9"]
[EventCountry "ESP"]
[SourceTitle "EXT 2024"]
[Source "ChessBase"]
[SourceDate "2023.10.10"]
[SourceVersion "1"]
[SourceVersionDate "2023.10.10"]
[SourceQuality "1"]

1. e4 e5 2. Nf3 Nc6 3. d4 exd4 4. Nxd4 Bc5 5. Be3 Qf6 6. c3 Nge7 7. Bc4 Nxd4 8. Bxd4 Bxd4 9. Qxd4 Qg6 10. 0-0 Nc6 11. Qe3 d6 12. Na3 Be6 13. Bd5 Nd8 14. f4 Bxd5 15. exd5+ Kd7 16. Rfe1 a6 17. Qd4 Re8 18. Qa4+ c6 19. Nc4 Rxe1+ 20. Rxe1 Ra7 21. Qa5 cxd5 22. Nb6+ Kc6 23. Nxd5 Qh6 24. Re7 Ne6 25. Nb4# 1-0